000 01254nam a22002057a 4500
999 _c62848
_d62848
003 Ge_BSU
005 20250310152838.0
008 250310s1951 ge ||||| |||| 00| 0 geo d
041 _ageo
080 _a611+612+613+37 ყ-26
100 _aყანჩელი, ა.ი.
_924494
245 _aმოსწავლეთა ანატომიურ-ფიზიოლოგიური თავისებურებებისა და ინდივიდუალური ჰიგიენის ზოგიერთი საკითხები :
_b მასწავლებელთა და მშობელთა დასახმარებლად /
_cსაქართველოს სსრ განათლების სამინისტროს პედაგოგიურ მეცნიერებათა ინ-ტი.
264 _aთბ. :
_bინ-ტის გამ-ბა,
_c1951.
300 _a30გვ. ;
_b21სმ.
653 _aანატომია
653 _aფიზიოლოგია
653 _aმოსწავლეთა ჰიგიენა
700 _aკოვზირიძე, ზ.ზ.
_e ავტორი
_922577
942 _2udc
_cᲬᲘᲒᲜᲘ